000 00364 a2200157 4500
001 176452
020 _a
040 _cMagnum
100 _aSatiro, Angela
240 1 0 _aPensando melhor: iniciacao ao filosofar
_lpor
245 1 0 _aPensando melhor: iniciacao ao filosofar
362 0 _a1899
440 1 _aSaraiva
697 _aMAGNITO: FILOSOFIA
942 _cBK
999 _c176452
_d176452